Najwcześniej udomowione zwierzęta - Statystyki

Ogólne statystyki
  • Ten quiz został rozwiązany 593 razy
  • Średni wynik to 8 z 15
Statystyki odpowiedzi
Kiedy Zwierze % Poprawnych
8000-7500 p.n.e Kot
99%
13000 p.n.e Pies
99%
3500 p.n.e Koń
82%
9000 p.n.e Świnia
73%
6000 p.n.e Kura
69%
9000-8500 p.n.e Owca
67%
10000 p.n.e Koza
64%
4000 p.n.e Kaczka
50%
5000 p.n.e Osioł
47%
4000 p.n.e Wół domowy
33%
4000 p.n.e Wielbłąd
30%
5000 p.n.e Świnka Morska
26%
8000 p.n.e Bydło
22%
4000 p.n.e Pszczoła
7%
8000 p.n.e Zebu
2%
Nie znaleziono quizów pasujących do podanych kryteriów
Rozkład punktacji
Procent ludzi z każdym wynikiem
Percentyl według liczby udzielonych odpowiedzi
Twoja historia wyników
Nie rozwiązałeś tego quizu